Countries that unofficially recognize the Taliban government - Statistics

General Stats
  • This quiz has been taken 34 times
  • The average score is 20 of 29
Answer Stats
Hint Answer % Correct
Asia Pakistan
93%
Europe Russia
93%
Asia India
89%
Asia China
85%
Europe Belarus
78%
Asia Iran
78%
South America Venezuela
78%
Africa Egypt
74%
Asia Iraq
74%
Asia Oman
74%
Asia Qatar
74%
Asia Turkey
74%
Africa Eritrea
70%
Asia Kazakhstan
70%
Asia North Korea
70%
Asia Syria
70%
Asia United Arab Emirates
70%
Asia Uzbekistan
70%
Africa Ethiopia
67%
Asia Kyrgyzstan
67%
Africa Mali
67%
Asia Turkmenistan
67%
Asia Azerbaijan
63%
Asia Malaysia
63%
Asia Myanmar
63%
North America Nicaragua
59%
Africa Zimbabwe
56%
Africa Burundi
44%
Africa Guinea
41%
No matching quizzes found
Score Distribution
Percent of People with Each Score
Percentile by Number Answered
Your Score History
You have not taken this quiz